Les 50 plus grandes communes de Loire Atlantique, par habitants - Statistiques

Statistiques générales
  • Ce quiz a été pris 254 fois
  • Le résultat moyen est 26 sur 50
Statistiques - réponses
Place Communes Nombre d'habitants % Correct
1 Nantes 298 029 
100%
2 Saint-Nazaire 69 350 
98%
3 Saint-Herblain 44 337 
91%
15 Pornic 14 578 
88%
4 Rezé 39 505 
88%
13 La Baule-Escoublac 15 542 
83%
6 Orvault 25 305 
79%
5 Saint-Sébastien-sur-Loire 25 915 
78%
10 Carquefou 18 893 
76%
17 Châteaubriant 11 895 
75%
7 Vertou 23 104 
75%
31 Ancenis 7 461 
73%
12 Guérande 16 127 
73%
9 La Chapelle-sur-Erdre 19 120 
70%
18 Pornichet 10 709 
70%
40 Clisson 6 717 
68%
8 Couëron 20 255 
66%
11 Bouguenais 18 675 
65%
16 Saint-Brevin-les-Pins 13 210 
65%
24 Basse-Goulaine 8 492 
59%
14 Sainte-Luce-sur-Loire 14 663 
56%
41 Sucé-sur-Erdre 6 707 
56%
20 Blain 9 595 
54%
19 Pontchâteau 10 398 
53%
25 Nort-sur-Erdre 8 412 
52%
27 Savenay 8 255 
52%
34 Sautron 7 350 
48%
35 Machecoul-Saint-Même 7 315 
47%
21 Thouaré-sur-Loire 9 109 
46%
22 Vallet 8 722 
46%
23 Saint-Philbert-de-Grand-Lieu 8 708 
43%
29 Les Sorinières 7 911 
42%
37 Bouaye 6 927 
41%
48 La Montagne 5 995 
37%
30 Donges 7 547 
34%
26 Treillières 8 395 
32%
49 Héric 5 768 
30%
46 Sainte-Pazanne 6 371 
30%
32 Trignac 7 442 
30%
45 Herbignac 6 445 
27%
38 Saint-Julien-de-Concelles 6 807 
27%
39 Saint-Étienne-de-Montluc 6 727 
26%
28 Le Loroux-Bottereau 8 058 
25%
36 Montoir-de-Bretagne 7 037 
25%
47 Saint-André-des-Eaux 6 038 
18%
50 Vigneux-de-Bretagne 5 722 
16%
44 Chaumes-en-Retz 6 595 
13%
33 Loireauxence 7 406 
11%
42 Divatte-sur-Loire 6 664 
10%
43 Vallons-de-l'Erdre 6 641 
9%
Aucun quiz correspondant
Distribution des résultats
% des personnes avec chaque résultat
Percentile par nombre de réponses
Votre historique - résultats
Vous n’avez pas pris ce quiz